00944nam a22002057a 450000500170000000800410001702000180005804000070007604100080008308200250009110000180011624500900013425000120022426000530023630000280028936500640031752002610038165000570064270000390069920240314165820.0240307b ||||| |||| 00| 0 eng d a9781138041936 cAL aeng 223a306.440973bBARE aRusty Barrett aEnglish with an accentb: language, ideology, and discrimination in the United States a3rd ed. aLondonbRoutledge Taylor and Francis Groupc2023 axiv,352p.bPBc25x15cm. 2Generala7741b₹3305.00c₹d₹4406.90e25%f15/02/2024 aEnglish with an Accent has inspired generations of scholars to investigate linguistic discrimination, social categorization, social structures, and power. This new edition is an attempt to retain the spirit of the original while enriching and expanding it. 2 Culture and institutionsa Culture and institutions aCramer, Jennifer; McGowan Kevin B.